000 00781nam a2200241Ia 4500
003 OSt
005 20220928111318.0
006 a|||||r|||| 00| 0
007 ta
008 220927b |||||||| |||| 00| 0 eng d
024 _a73716
037 _cTextual
040 _aSDCL
_cSDCL
_beng
041 _2eng
_aeng
082 _aT:3(2).2'N9, N6
100 _aAgrawal S P
_9423136
245 0 _aDirectory of LIS educational in India
_b All -in-one compendium an Library and Information Science study & teaching in India updated 1994
260 _aNew Delhi
_bReliance Pub. House
_c1996
300 _a729p
_ccm.
490 _aConcept in communication , informatics & librarianship
942 _hT:3(2).2'N9, N6
_cTEXL
_2CC
999 _c739627
_d739627